000 00287nam a22001337a 4500
008 170714b xxu||||| |||| 00| 0 eng d
020 _a1559342307
041 _aeng
080 _a101
100 _a24
101 _aFIL
245 _aLOOKING AT PHILOSOPHY
_cPALMER, D
942 _2udc
_cBK
999 _c20743
_d20743